Manuel de rédaction à l'usage des militaires /
Le Manuel de redaction à l'usage des militaires est un guide de redaction qui s'adresse aux membres des forces armees appeles à rediger des textes de qualite dans un style soutenu pour un lectorat militaire averti. Unique en son genre, il est une reference incontournable dans ce milieu....
| Main Author: | |
|---|---|
| Other Authors: | , , |
| Format: | Electronic eBook |
| Language: | Francés Inglés |
| Published: |
Beaconsfield, Quebec :
Canadian Electronic Library,
2014.
|
| Edition: | Édition en langue française. |
| Series: | Book collections on Project MUSE.
|
| Subjects: | |
| Online Access: | Texto completo |
MARC
| LEADER | 00000cam a22000004a 4500 | ||
|---|---|---|---|
| 001 | musev2_26352 | ||
| 003 | MdBmJHUP | ||
| 005 | 20230905042810.0 | ||
| 006 | m o d | ||
| 007 | cr||||||||nn|n | ||
| 008 | 130619t20142013onc o 00 0 fre d | ||
| 020 | |a 9782760320918 | ||
| 020 | |z 276032091X | ||
| 020 | |z 2760308049 | ||
| 020 | |z 9782760308046 | ||
| 035 | |a (OCoLC)865329906 | ||
| 040 | |a MdBmJHUP |c MdBmJHUP | ||
| 041 | 1 | |a fre |h eng | |
| 100 | 1 | |a Chapnick, Adam, |d 1976- |e author. | |
| 245 | 1 | 0 | |a Manuel de rédaction à l'usage des militaires / |c [traduction et adaptation] Éric Ouellet, Pierre Pahlavi ; Adam Chapnick et Craig Stone. |
| 250 | |a Édition en langue française. | ||
| 264 | 1 | |a Beaconsfield, Quebec : |b Canadian Electronic Library, |c 2014. | |
| 264 | 3 | |a Baltimore, Md. : |b Project MUSE, |c 2013 | |
| 264 | 4 | |c ©2014. | |
| 300 | |a 1 online resource (128 pages). | ||
| 336 | |a text |b txt |2 rdacontent | ||
| 337 | |a computer |b c |2 rdamedia | ||
| 338 | |a online resource |b cr |2 rdacarrier | ||
| 500 | |a Traduction et adaptation de : Academic writing for military personnel. | ||
| 505 | 0 | |a Introduction : pourquoi lire ce livre? Chapitre 1 La redaction universitaire : de quoi s'agit-il et qu'est-ce qui en fait la qualite? -- Chapitre 2 Les etapes de la recherche -- Chapitre 3 Le processus de redaction : la structure -- Chapitre 4 Les notes et citations -- Chapitre 5 Les difficultes les plus frequentes en redaction -- Chapitre 6 L'evaluation formelle d'un essai -- Chapitre 7 La redaction d'autres types de textes -- Chapitre 8 En conclusion. | |
| 520 | |a Le Manuel de redaction à l'usage des militaires est un guide de redaction qui s'adresse aux membres des forces armees appeles à rediger des textes de qualite dans un style soutenu pour un lectorat militaire averti. Unique en son genre, il est une reference incontournable dans ce milieu. | ||
| 588 | |a Description based on print version record. | ||
| 650 | 7 | |a Rhetoric. |2 fast |0 (OCoLC)fst01096948 | |
| 650 | 7 | |a Military art and science |x Authorship. |2 fast |0 (OCoLC)fst01020878 | |
| 650 | 7 | |a Armed Forces. |2 fast |0 (OCoLC)fst00814586 | |
| 650 | 7 | |a Academic writing. |2 fast |0 (OCoLC)fst00795090 | |
| 650 | 6 | |a Rhetorique. | |
| 650 | 6 | |a Écriture savante. | |
| 650 | 6 | |a Art et science militaires |x Art d'ecrire. | |
| 650 | 0 | |a Rhetoric. | |
| 650 | 0 | |a Academic writing. | |
| 650 | 0 | |a Military art and science |x Authorship. | |
| 651 | 7 | |a Canada. |2 fast |0 (OCoLC)fst01204310 | |
| 651 | 6 | |a Canada |x Forces armees |x Documents et correspondance. | |
| 651 | 0 | |a Canada |x Armed Forces |x Records and correspondence. | |
| 655 | 7 | |a Records and correspondence. |2 fast |0 (OCoLC)fst01423917 | |
| 655 | 7 | |a Electronic books. |2 local | |
| 700 | 1 | |a Stone, Craig, |d 1958- |e auteur. | |
| 700 | 1 | |a Pahlavi, Pierre Cyril, |d 1972- |e editeur intellectuel, |e traducteur. | |
| 700 | 1 | |a Ouellet, Eric, |d 1968- |e editeur intellectuel, |e traducteur. | |
| 710 | 2 | |a Project Muse. |e distributor | |
| 830 | 0 | |a Book collections on Project MUSE. | |
| 856 | 4 | 0 | |z Texto completo |u https://projectmuse.uam.elogim.com/book/26352/ |
| 945 | |a Project MUSE - Custom Collection | ||
| 945 | |a Project MUSE - 2013 Political Science and Policy Studies | ||
| 945 | |a Project MUSE - 2013 Complete | ||


